Govt. of
Madhya Pradesh

SSC एस एस सी Voice & Narration Anglo-Hindi (Record no. 63060)

MARC details
000 -LEADER
fixed length control field 00305nam a22001097a 4500
082 ## - DEWEY DECIMAL CLASSIFICATION NUMBER
Classification number 400
100 ## - MAIN ENTRY--AUTHOR NAME
Personal name Shukla,Rahul
245 ## - TITLE STATEMENT
Title SSC एस एस सी Voice & Narration Anglo-Hindi
260 ## - PUBLICATION, DISTRIBUTION, ETC. (IMPRINT)
Place of publication नई दिल्‍ली
Name of publisher Guider Compatitive Group
Year of publication 2020
650 ## - SUBJECT ADDED ENTRY--TOPICAL TERM
Topical Term GK
942 ## - ADDED ENTRY ELEMENTS (KOHA)
Koha item type Hindi Books
Holdings
Withdrawn status Lost status Damaged status Not for loan Home library Current library Date acquired Cost, normal purchase price Full call number Accession Number Price effective from Koha item type
        MACL MACL 01/09/2020 25.00 400 GCLC00656 01/09/2020 Hindi Books
        MACL MACL 01/09/2020 25.00 400 GCLC00657 01/09/2020 Hindi Books
        MACL MACL 01/09/2020 25.00 400 GCLC00658 01/09/2020 Hindi Books
        MACL MACL 01/09/2020 25.00 400 GCLC000659 01/09/2020 Hindi Books
        MACL MACL 01/09/2020 25.00 400 GCLC00660 01/09/2020 Hindi Books